El derecho a la intimidad

Detalles Bibliográficos
Autor principal: Morales Godo, Juan, 1947-
Formato: Desconocido
Lenguaje:español
Publicado: Lima : Palestra, 2002
Materias:
Acceso en línea:Acceso restringido

MARC

LEADER 00000ny a22000003n 4500
005 20110617144313.0
008 961210s2002 pe b 000 0 spa
020 |a 9789972733284 
035 |a 4626 
040 |a BUS  |d vLex 
090 |c 841  |d 841 
100 1 |a Morales Godo, Juan,  |d 1947- 
245 1 3 |a El derecho a la intimidad  |h [Recurso electrn̤ico]  |c Juan Morales Godo 
256 |a Servicio en ln̕ea 
260 |a Lima :  |b Palestra,  |c 2002 
300 |a p. ;  |c cm 
506 1 |a Contenido solo disponible en los productos indicados  |d vLex Global  |d vLex Global (Academic Edition, excluding Law Schools)  |d vLex Global (U.S. Academic Edition, Law Schools)  |d vLex Global (U.S. Academic Edition, excluding Law Schools)  |d vLex Global (Academic Edition, Law Schools) 
650 0 4 |a Derecho a la vida privada 
740 0 |a vLex Libros (Servicios en ln̕ea) 
856 4 0 |u http://vlex.com/source/4626  |z Acceso restringido 
942 |c BOOK 
999 0 |a Law   |b Per ︢